Visualizzazione normale
Vista MARC
- Wroblewski Jerzy
di Personal Name
Records bibliografici associati: 1
001 - CONTROL NUMBER
- control field: 24726
003 - CONTROL NUMBER IDENTIFIER
- control field: IT-RoPau
005 - DATE AND TIME OF LATEST TRANSACTION
- control field: 20140512215929.0
008 - FIXED-LENGTH DATA ELEMENTS
- fixed length control field: 140512|| aca||aabn | a|a d
040 ## - CATALOGING SOURCE
- Original cataloging agency: IT-RoPau
- Transcribing agency: IT-RoPau
100 ## - HEADING--PERSONAL NAME
- Personal name: Wroblewski Jerzy
- Relator term: Autore musica
- Miscellaneous information: Codice autore musica SPICS: 18527
- Name of part/section of a work: Zyj Kolorowo
670 ## - SOURCE DATA FOUND
- Source citation: Work cat.: (IT-RoPau)101833: AA.VV. 794, Spiewamy Parez Przyjacioz (Lp Sx 2452)